Faculty of Law Library — Cairo University

Official Online Catalog

العدوان ، المقاومة الحضارية فى حرب لبنان : (Record no. 42770)

MARC details
000 -LEADER
fixed length control field 01814nam a2200349 i 4500
003 - CONTROL NUMBER IDENTIFIER
control field EG-GICUC
005 - DATE AND TIME OF LATEST TRANSACTION
control field 20260121101213.0
008 - FIXED-LENGTH DATA ELEMENTS--GENERAL INFORMATION
fixed length control field 251111s2007 EG ||||fr|||| 000 0 ara d
017 ## - COPYRIGHT OR LEGAL DEPOSIT NUMBER
Copyright or legal deposit number 2007/5851
020 ## - INTERNATIONAL STANDARD BOOK NUMBER
International Standard Book Number 277-403-140-7
040 ## - CATALOGING SOURCE
Original cataloging agency EG-GICUC
Language of cataloging ara
Transcribing agency EG-GICUC
Modifying agency EG-GICUC
Description conventions rda
082 04 - DEWEY DECIMAL CLASSIFICATION NUMBER
Edition number 21
Classification number 341.60566
Item number ن ا . ع
092 04 - LOCALLY ASSIGNED DEWEY CALL NUMBER (OCLC)
Edition number 21
099 ## - LOCAL FREE-TEXT CALL NUMBER (OCLC)
Classification number law1 11 341.60566 2007 ن ا . ع
100 0# - MAIN ENTRY--PERSONAL NAME
Personal name مصطفى ، نادية محمود
Relator term Author.
245 ## - TITLE STATEMENT
Title العدوان ، المقاومة الحضارية فى حرب لبنان :
Remainder of title الدلالات والمألات
Statement of responsibility, etc. نادية محمود مصطفى ،سيف الدين عبد الفتاح
264 ## - PRODUCTION, PUBLICATION, DISTRIBUTION, MANUFACTURE, AND COPYRIGHT NOTICE
Place of production, publication, distribution, manufacture القاهرة :
Name of producer, publisher, distributor, manufacturer كلية الاقتصاد والعلوم السياسية - جامعة القاهرة ،
Date of production, publication, distribution, manufacture, or copyright notice 2007.
300 ## - PHYSICAL DESCRIPTION
Extent 645 صفحة :
Dimensions 24 سم
336 ## - CONTENT TYPE
Source rda content
Content type term text
337 ## - MEDIA TYPE
Source rda media
Media type term Computer
338 ## - CARRIER TYPE
Source rda carrier
Carrier type term Online Resource
500 ## - GENERAL NOTE
General note أحمد أبو الوفا<br/>سمير ماركس<br/>أحمد تهامي<br/>محمد عباس ناجي<br/>سيف الدين عبد الفتاح<br/>أماني غانم<br/>نادية محمود مصطفى<br/>شيماء حطب<br/>جميل مطر<br/>نسمة شرارة<br/>ضياء رشوان<br/>حسام حسن<br/>هدى حرب<br/>طارق البشري<br/>رضوی صلاح<br/>وسام فؤاد<br/>علي الفتيت<br/>ياسمين زين العابدين<br/>محمد السيد سعيد
546 ## - LANGUAGE NOTE
Language note النص باللغة العربية
650 14 - SUBJECT ADDED ENTRY--TOPICAL TERM
Topical term or geographic name entry element القانون الدولي العام
Source of heading or term qrmak
651 1# - SUBJECT ADDED ENTRY--GEOGRAPHIC NAME
Source of heading or term qrmak
700 ## - ADDED ENTRY--PERSONAL NAME
Personal name عبد الفتاح ، سيف الدين
Relator term Compiler.
700 ## - ADDED ENTRY--PERSONAL NAME
Personal name غانم ، أماني
Relator term editor.
700 ## - ADDED ENTRY--PERSONAL NAME
Personal name ماهر ، مدحت
Relator term Reviewer.
856 40 - ELECTRONIC LOCATION AND ACCESS
Uniform Resource Identifier <a href="https://fll.law.cu.edu.eg/fulltext/bks/B11-04349.pdf">https://fll.law.cu.edu.eg/fulltext/bks/B11-04349.pdf</a>
905 ## - Cataloger and Reviser Names
Cataloger Name: Mohamed Gadallah
942 ## - ADDED ENTRY ELEMENTS (KOHA)
Source of classification or shelving scheme Dewey Decimal Classification
Koha item type Books
Edition 21
Suppress in OPAC No
Holdings
Withdrawn status Lost status Source of classification or shelving scheme Damaged status Not for loan Collection Home library Current library Date acquired Total checkouts Full call number Barcode Date last seen Copy number Price effective from Koha item type
    Dewey Decimal Classification     القانون الدولي العام جــــامعة القــاهرة مكتبة كلية الحقوق - المبنى الرئيسي 11.11.2025   law1 11 341.60566 2007 ن ا . ع 1104349 ,C1 B11-04349 11.11.2025 1 11.11.2025 Books

© All rights reserved — Faculty of Law, Cairo University